U.S.A Presidents Knowledge #1 - Statistics

General Stats
  • This quiz has been taken 74 times
  • The average score is 6 of 11
Answer Stats
Question President % Correct
The Teddy Bear is named after which President? Theodore Roosevelt
95%
Which President made a Healthcare act called " Obamacare" Barack Obama
94%
This President wore a Top Hat? Abraham Lincoln
89%
Which President is know for a so-called "Watergate Scandel"? Richard Nixon
86%
Last U.S president to visit Saudi Arabia as of 2018? Donald Trump
82%
First U.S president to visit Taiwan? Dwight.D Eisenhower
56%
First President to be born in Nebraska? Gerald.R Ford
44%
Which President beat Bob Dole in 1996 Presidential Election Bill Clinton
39%
Who was the first U.S president to be born in Ohio? Ulysses.S Grant
39%
Who was the 33rd president of the U.S.A? Harry Truman
17%
Who was the first U.S president to be born in New York? James Monroe
0%
No matching quizzes found
Score Distribution
Percent of People with Each Score
Percentile by Number Answered
Your Score History
You have not taken this quiz